000 00725nam a2200241 i 4500
001 C2-0297079
003 PPAK
005 20180728075337.0
008 090507s2008 nyu |||| ||||| | eng d
020 _a9781416566441 ; 1416566449
040 _aPPAK
_beng
_cPPAK
_erda
082 0 4 _a808.83
_223
090 0 0 _a808.83
_bWHO
_dG
245 0 0 _aWho can save us now? :
_bbrand-new superheroes and their amazing (short) stories
264 1 _aNew York :
_bFree Press ,
_c2008
300 _axiii, 417 pages ;
_c23 cm
336 _2rdacontent
_atext
337 _2rdamedia
_aunmediated
338 _2rdacarrier
_avolume
650 1 0 _aShort stories, English
700 1 _aKing, Owen ; McNailly, John,
_eeditor
942 _ddc
_cB
999 _c101468
_d101468